000 01065nam a2200277 i 4500
001 187591
003 ES-MaACL
005 20251122063145.0
008 171204s1982 mx a |||| | spa d
020 _a968-16-1092-X
080 _a83-021.09
100 1 _aBorges, Jorge Luis,
_d1899-1986
_9242526
245 1 0 _aAntiguas literaturas germánicas /
_cJorge Luis Borges ; con la colboración de Delia Ingenieros.
250 _a1ª ed. , 3ª reimp.
260 _aMéxico :
_bFondo de Cultura Económica,
_c1982.
300 _a179 p. :
_bil. ;
_c17 cm.
490 1 _aBreviarios del Fondo de Cultura Económica ;
_v53
504 _aBibliografía: p. 173-175.
650 0 4 _aLiteratura germánica-
_xHistoria y crítica.
_9170786
700 1 _aIngenieros, Delia.
_965283
830 0 _aBreviarios del Fondo de Cultura Económica ;
_v53
_9179682
852 _aES-MaACL
_jA-14123
_9194677
_bR.150609
_cDEPO1
_dOlim: N-7123
_hDonación: Carmen Zumárraga
903 _9234648
_aZumárraga, Carmen
_ednr
942 _2udc
_cMONOGRAFIA
999 _c187591
_d187591